<?xml version="1.0" encoding="UTF-8"?>
<record
    xmlns:xsi="http://www.w3.org/2001/XMLSchema-instance"
    xsi:schemaLocation="http://www.loc.gov/MARC21/slim http://www.loc.gov/standards/marcxml/schema/MARC21slim.xsd"
    xmlns="http://www.loc.gov/MARC21/slim">

  <leader>02549cam a2200325 i 4500</leader>
  <controlfield tag="001">991027151584107026</controlfield>
  <controlfield tag="003">UkOxU</controlfield>
  <controlfield tag="005">20250324094702.0</controlfield>
  <controlfield tag="007">ta</controlfield>
  <controlfield tag="008">240209s2024    enk           000 1 eng d</controlfield>
  <datafield tag="020" ind1=" " ind2=" ">
    <subfield code="a">9781399725101</subfield>
    <subfield code="q">trade paperback</subfield>
  </datafield>
  <datafield tag="020" ind1=" " ind2=" ">
    <subfield code="a">9781399725095</subfield>
    <subfield code="q">hardback</subfield>
  </datafield>
  <datafield tag="035" ind1=" " ind2=" ">
    <subfield code="a">(OCoLC)1420889559</subfield>
    <subfield code="z">(OCoLC)1436450988</subfield>
  </datafield>
  <datafield tag="035" ind1=" " ind2=" ">
    <subfield code="a">(OCoLC)on1420889559</subfield>
  </datafield>
  <datafield tag="040" ind1=" " ind2=" ">
    <subfield code="a">AU@</subfield>
    <subfield code="b">eng</subfield>
    <subfield code="e">rda</subfield>
    <subfield code="c">AU@</subfield>
    <subfield code="d">ATNSH</subfield>
    <subfield code="d">AUNTL</subfield>
    <subfield code="d">NZLPP</subfield>
    <subfield code="d">OCLCO</subfield>
    <subfield code="d">SINLB</subfield>
    <subfield code="d">UKYRK</subfield>
    <subfield code="d">OCLCO</subfield>
    <subfield code="d">ZGR</subfield>
    <subfield code="d">OCLCO</subfield>
    <subfield code="d">QGQ</subfield>
    <subfield code="d">UkOxU</subfield>
  </datafield>
  <datafield tag="100" ind1=" " ind2=" ">
    <subfield code="a">King, Stephen</subfield>
    <subfield code="d">1947-</subfield>
    <subfield code="e">author.</subfield>
    <subfield code="9">11316</subfield>
  </datafield>
  <datafield tag="245" ind1="1" ind2="0">
    <subfield code="a">You like it darker </subfield>
    <subfield code="c">/ Stephen King.</subfield>
  </datafield>
  <datafield tag="264" ind1=" " ind2="1">
    <subfield code="a">London :</subfield>
    <subfield code="b">Hodder &amp; Stoughton,</subfield>
    <subfield code="c">2024.</subfield>
  </datafield>
  <datafield tag="300" ind1=" " ind2=" ">
    <subfield code="a">484 pages ;</subfield>
    <subfield code="c">24 cm</subfield>
  </datafield>
  <datafield tag="505" ind1="0" ind2=" ">
    <subfield code="a">Two talented bastids &#x2014; The fifth step &#x2014; Willie the weirdo &#x2014; Danny Coughlin's bad dream &#x2014; Finn &#x2014; On Slide Inn Road &#x2014; Red screen &#x2014; The turbulence expert &#x2014; Laurie &#x2014; Rattlesnakes &#x2014; The dreamers &#x2014; The answer man &#x2014; Afterword.</subfield>
  </datafield>
  <datafield tag="520" ind1=" " ind2=" ">
    <subfield code="a">'You like it darker? Fine, so do I', writes Stephen King in the afterword to this magnificent new collection of twelve stories that delve into the darker part of life - both metaphorical and literal. King has, for half a century, been a master of the form, and these stories, about fate, mortality, luck, and the folds in reality where anything can happen, are as rich and riveting as his novels, both weighty in theme and a huge pleasure to read. King writes to feel 'the exhilaration of leaving ordinary day-to-day life behind', and in You Like it Darker, readers will feel that exhilaration too, again and again. 'Two Talented Bastids' explores the long-hidden secret of how the eponymous gentlemen got their skills. In 'Danny Coughlin's Bad Dream', a brief and unprecedented psychic flash upends dozens of lives, Danny's most catastrophically. In 'Rattlesnakes', a sequel to Cujo, a grieving widower travels to Florida for respite and instead receives an unexpected inheritance - with major strings attached. In 'The Dreamers', a taciturn Vietnam vet answers a job ad and learns that there are some corners of the universe best left unexplored. 'The Answer Man' asks if prescience is good luck or bad and reminds us that a life marked by unbearable tragedy can still be meaningful.</subfield>
  </datafield>
  <datafield tag="650" ind1=" " ind2="0">
    <subfield code="a">Fate and fatalism</subfield>
    <subfield code="v">Fiction.</subfield>
  </datafield>
  <datafield tag="650" ind1=" " ind2="0">
    <subfield code="a">Mortality</subfield>
    <subfield code="v">Fiction</subfield>
    <subfield code="9">24284</subfield>
  </datafield>
  <datafield tag="650" ind1=" " ind2="0">
    <subfield code="a">Fortune</subfield>
    <subfield code="v">Fiction.</subfield>
  </datafield>
  <datafield tag="650" ind1=" " ind2="0">
    <subfield code="a">Widowers</subfield>
    <subfield code="v">Fiction.</subfield>
  </datafield>
  <datafield tag="650" ind1=" " ind2="0">
    <subfield code="a">Inheritance and succession</subfield>
    <subfield code="v">Fiction.</subfield>
    <subfield code="9">24095</subfield>
  </datafield>
  <datafield tag="655" ind1=" " ind2="0">
    <subfield code="a">Horror fiction</subfield>
    <subfield code="9">22808</subfield>
  </datafield>
  <datafield tag="655" ind1=" " ind2="0">
    <subfield code="a">Short stories</subfield>
    <subfield code="9">22375</subfield>
  </datafield>
  <datafield tag="942" ind1=" " ind2=" ">
    <subfield code="2">lcc</subfield>
  </datafield>
  <datafield tag="952" ind1=" " ind2=" ">
    <subfield code="0">0</subfield>
    <subfield code="1">0</subfield>
    <subfield code="2">lcc</subfield>
    <subfield code="4">0</subfield>
    <subfield code="7">0</subfield>
    <subfield code="a">TBS</subfield>
    <subfield code="b">TBS</subfield>
    <subfield code="d">2025-03-24</subfield>
    <subfield code="l">0</subfield>
    <subfield code="o">P-EN KIN</subfield>
    <subfield code="r">2025-03-24</subfield>
    <subfield code="t">1</subfield>
    <subfield code="w">2025-03-24</subfield>
    <subfield code="y">1</subfield>
    <subfield code="z">SOON AVAILABLE</subfield>
  </datafield>
  <datafield tag="999" ind1=" " ind2=" ">
    <subfield code="c">4567</subfield>
    <subfield code="d">4567</subfield>
  </datafield>
</record>
